[Event "Graz op-A"]
[Site "Graz"]
[Date "2020.02.19"]
[Round "7"]
[White "Prato, Simon"]
[Black "Ragger, Anna Christina"]
[Result "0-1"]
[WhiteElo "2040"]
[BlackElo "2205"]
[PlyCount "44"]
[EventDate "2020.02.14"]
[EventType "swiss"]
[EventRounds "9"]
[EventCountry "AUT"]
[SourceTitle "CBM 195 Extra"]
[Source "ChessBase"]
[SourceDate "2020.05.31"]
[SourceVersion "1"]
[SourceVersionDate "2020.05.31"]
[SourceQuality "1"]

1. e4 e5 2. Nf3 Nc6 3. Bb5 a6 4. Ba4 Nf6 5. d3 d6 6. c3 g6 7. 0-0 Bg7 8. Nbd2 0-0 9. Re1 b5 10. Bc2 Nh5 11. a4 b4 12. Nf1 Rb8 13. Ne3 Nf4 14. Rb1 d5 15. Bb3 dxe4 16. dxe4 Qxd1 17. Rxd1 bxc3 18. Bc4 Nd4 19. Nxd4 exd4 20. Nc2 Be6 21. Bxe6 Nxe6 22. b3 Rfd8 0-1

[Event "Graz op-A"]
[Site "Graz"]
[Date "2020.02.17"]
[Round "4"]
[White "Krasteva, Beloslava"]
[Black "Prato, Simon"]
[Result "1-0"]
[WhiteElo "2259"]
[BlackElo "2040"]
[PlyCount "58"]
[EventDate "2020.02.14"]
[EventType "swiss"]
[EventRounds "9"]
[EventCountry "AUT"]
[SourceTitle "CBM 195 Extra"]
[Source "ChessBase"]
[SourceDate "2020.05.31"]
[SourceVersion "1"]
[SourceVersionDate "2020.05.31"]
[SourceQuality "1"]

1. d4 Nf6 2. c4 g6 3. Nc3 Bg7 4. e4 d6 5. h3 0-0 6. Be3 e5 7. d5 a5 8. Nf3 Nh5 9. g3 h6 10. Be2 Nf6 11. g4 Ne8 12. h4 f5 13. gxf5 gxf5 14. exf5 Bxf5 15. Nd2 Na6 16. Nde4 Nf6 17. Bf3 Qd7 18. Rg1 Kh7 19. Qe2 c6 20. dxc6 bxc6 21. 0-0-0 Nxe4 22. Bxe4 Rad8 23. Qh5 Qf7 24. Rxg7+ Qxg7 25. Bxf5+ Kg8 26. f3 Qf6 27. Rg1+ Kh8 28. Bxh6 Qxf5 29. Bg7+ Kg8 1-0

[Event "St Veit op 38th"]
[Site "St Veit"]
[Date "2019.07.08"]
[Round "4"]
[White "Prato, Simon"]
[Black "Hofmann, Thomas"]
[Result "0-1"]
[WhiteElo "2107"]
[BlackElo "2223"]
[PlyCount "72"]
[EventDate "2019.07.06"]
[EventType "swiss"]
[EventRounds "9"]
[EventCountry "AUT"]
[SourceTitle "EXT 2020"]
[Source "ChessBase"]
[SourceDate "2019.10.17"]
[SourceVersion "1"]
[SourceVersionDate "2019.10.17"]
[SourceQuality "1"]

1. e4 e5 2. Nf3 Nc6 3. Bb5 a6 4. Ba4 Nf6 5. d3 d6 6. c3 g6 7. 0-0 Bg7 8. Re1 0-0 9. Nbd2 b5 10. Bb3 Na5 11. Bc2 c5 12. Nf1 Nc6 13. a4 Bb7 14. h3 d5 15. Bg5 d4 16. cxd4 cxd4 17. N3h2 h6 18. Bd2 Nd7 19. f4 f5 20. exf5 gxf5 21. Nf3 Kh7 22. Ng3 Qe7 23. Rc1 Rae8 24. Bb1 b4 25. Ba2 Qd6 26. Nh4 Ne7 27. Qh5 exf4 28. Re6 Qb8 29. Ngxf5 Nf6 30. Qe2 Nxf5 31. Nxf5 Rxe6 32. Qxe6 Bc8 33. Qe7 Bxf5 34. Rc7 Nh5 35. Bf7 Bf6 36. Bg8+ Kxg8 0-1

[Event "AUT-ch U18"]
[Site "Sankt Veit an der Glan"]
[Date "2019.04.14"]
[Round "1"]
[White "Faderbauer, Noah"]
[Black "Prato, Simon"]
[Result "1-0"]
[WhiteElo "1701"]
[BlackElo "2073"]
[PlyCount "75"]
[EventDate "2019.04.14"]
[EventType "swiss"]
[EventRounds "7"]
[EventCountry "AUT"]
[SourceTitle "CBM 190 Extra"]
[Source "ChessBase"]
[SourceDate "2019.07.15"]
[SourceVersion "1"]
[SourceVersionDate "2019.07.15"]
[SourceQuality "1"]

1. e4 c5 2. Nc3 Nc6 3. Bb5 Nd4 4. Bc4 a6 5. a4 e6 6. Nge2 Qc7 7. 0-0 Nf6 8. d3 Be7 9. f4 d6 10. Be3 Nxe2+ 11. Qxe2 b6 12. f5 exf5 13. exf5 Bb7 14. Bg5 0-0 15. Rae1 Bd8 16. Bxf6 Bxf6 17. Nd5 Qd8 18. c3 Bc6 19. Qg4 b5 20. Bb3 c4 21. Nxf6+ Qxf6 22. axb5 Bxg2 23. Qxg2 cxb3 24. b6 d5 25. b7 Qb6+ 26. Kh1 Qxb7 27. f6 g6 28. Qg5 d4+ 29. Re4 Kh8 30. Qh6 Rg8 31. Rf3 Qd5 32. Rh3 Qh5 33. Rxh5 gxh5 34. Qxh5 Rg6 35. Rh4 h6 36. Qe5 Kh7 37. Qxd4 Re8 38. Re4 1-0

[Event "Steyr Landesliga 1819"]
[Site "Austria"]
[Date "2019.03.09"]
[Round "9.4"]
[White "Brunnsteiner, Mario"]
[Black "Prato, Simon"]
[Result "1/2-1/2"]
[WhiteElo "2167"]
[BlackElo "2024"]
[PlyCount "58"]
[EventDate "2018.10.06"]
[EventType "team-tourn"]
[EventRounds "11"]
[EventCountry "AUT"]
[SourceTitle "CBM 189 Extra"]
[Source "ChessBase"]
[SourceDate "2019.06.03"]
[SourceVersion "1"]
[SourceVersionDate "2019.06.03"]
[SourceQuality "1"]
[WhiteTeam "Leoben"]
[BlackTeam "Graz Schachfreunde"]
[WhiteTeamCountry "AUT"]
[BlackTeamCountry "AUT"]

1. Nf3 Nf6 2. d4 g6 3. g3 Bg7 4. Bg2 0-0 5. c4 c5 6. Nc3 cxd4 7. Nxd4 Nc6 8. 0-0 Rb8 9. Nc2 d6 10. Ne3 a6 11. a4 Nd7 12. Bd2 Nc5 13. Rb1 a5 14. Nb5 Na6 15. Nd5 Bf5 16. e4 Be6 17. Be3 Bxd5 18. cxd5 Ne5 19. Rc1 Rc8 20. Qe2 Nb4 21. Rxc8 Qxc8 22. Rc1 Qb8 23. Rc7 Rc8 24. Ba7 Qa8 25. Bb6 Na6 26. Rc2 Nb4 27. Rc7 Na6 28. Rc2 Nb4 29. Rc7 Na6 1/2-1/2

[Event "AUT-chT2M 1819"]
[Site "Austria"]
[Date "2019.01.20"]
[Round "8.5"]
[White "Prato, Simon"]
[Black "Lentrodt, Thomas"]
[Result "1-0"]
[WhiteElo "2073"]
[BlackElo "2277"]
[PlyCount "45"]
[EventDate "2018.10.19"]
[EventType "team-tourn"]
[EventRounds "11"]
[EventCountry "AUT"]
[SourceTitle "CBM 189 Extra"]
[Source "ChessBase"]
[SourceDate "2019.06.03"]
[SourceVersion "1"]
[SourceVersionDate "2019.06.03"]
[SourceQuality "1"]
[WhiteTeam "Graz Schachfreunde"]
[BlackTeam "Grieskirchen/Bad Schallenberg"]
[WhiteTeamCountry "AUT"]
[BlackTeamCountry "AUT"]

1. e4 c5 2. Nf3 e6 3. d4 cxd4 4. Nxd4 Nf6 5. Nc3 d6 6. Be3 a6 7. Be2 Qc7 8. 0-0 Be7 9. f4 Nc6 10. Qe1 0-0 11. Qg3 Kh8 12. Kh1 Bd7 13. Bd3 Nb4 14. Nf3 Nxd3 15. cxd3 b5 16. e5 Nd5 17. Nxd5 exd5 18. Bd4 Rg8 19. Rac1 Qd8 20. exd6 Bxd6 21. Ng5 Qf8 22. Nxh7 Qe7 23. Ng5 1-0

[Event "Schilcherland op 2nd"]
[Site "Deutschlandsberg"]
[Date "2019.01.01"]
[Round "5"]
[White "Bauer, Thomas"]
[Black "Prato, Simon"]
[Result "1-0"]
[WhiteElo "2267"]
[BlackElo "2073"]
[PlyCount "99"]
[EventDate "2018.12.29"]
[EventType "swiss"]
[EventRounds "9"]
[EventCountry "AUT"]
[SourceTitle "CBM 188 Extra"]
[Source "ChessBase"]
[SourceDate "2019.02.26"]
[SourceVersion "1"]
[SourceVersionDate "2019.02.26"]
[SourceQuality "1"]

1. e4 c5 2. Nf3 e6 3. d4 cxd4 4. Nxd4 Nf6 5. Nc3 d6 6. g4 h6 7. h4 Nc6 8. Rg1 d5 9. exd5 Nxd5 10. Nxd5 Qxd5 11. Bg2 Qc4 12. Nxc6 bxc6 13. Be3 Bd7 14. Qd4 Qxd4 15. Bxd4 Bd6 16. Be4 e5 17. Bc3 Ke7 18. 0-0-0 f6 19. Rd3 Bc5 20. Bf5 Rad8 21. Ba5 Bb6 22. Bb4+ c5 23. Bd2 Bxf5 24. gxf5 Rxd3 25. cxd3 Kf7 26. Kc2 h5 27. a4 c4 28. dxc4 Bxf2 29. Rd1 Rd8 30. b4 Bxh4 31. Be3 Rxd1 32. Kxd1 a6 33. b5 a5 34. b6 Bg3 35. b7 e4 36. Ba7 h4 37. b8Q Bxb8 38. Bxb8 g6 39. fxg6+ Kxg6 40. Ke2 f5 41. Be5 Kf7 42. c5 Ke7 43. c6 Kd8 44. Kf2 Ke7 45. Kg2 Ke6 46. c7 Kd7 47. Kh3 e3 48. Kg2 h3+ 49. Kf3 f4 50. Bxf4 1-0

[Event "Schilcherland op 2nd"]
[Site "Deutschlandsberg"]
[Date "2018.12.30"]
[Round "2"]
[White "Prato, Simon"]
[Black "Stanec, Nikolaus"]
[Result "0-1"]
[WhiteElo "2073"]
[BlackElo "2472"]
[PlyCount "58"]
[EventDate "2018.12.29"]
[EventType "swiss"]
[EventRounds "9"]
[EventCountry "AUT"]
[SourceTitle "CBM 188 Extra"]
[Source "ChessBase"]
[SourceDate "2019.02.26"]
[SourceVersion "1"]
[SourceVersionDate "2019.02.26"]
[SourceQuality "1"]

1. e4 c5 2. Nf3 d6 3. c3 Nf6 4. d3 g6 5. g3 Bg7 6. Bg2 0-0 7. 0-0 c4 8. dxc4 Nxe4 9. Nd4 Nf6 10. Qb3 Nbd7 11. Nd2 Nc5 12. Qa3 Nd3 13. N2b3 Qc7 14. Na5 Nxc1 15. Raxc1 a6 16. Rfe1 Rd8 17. b4 e5 18. Nc2 Be6 19. Ne3 e4 20. Nd5 Bxd5 21. cxd5 Nxd5 22. Rxe4 Nf6 23. Re2 d5 24. c4 Rac8 25. Rce1 dxc4 26. Re7 Qb6 27. Nxb7 Bf8 28. Qe3 Qxb4 29. a3 Qxe7 0-1

[Event "Schilcherland op 2nd"]
[Site "Deutschlandsberg"]
[Date "2018.12.29"]
[Round "1"]
[White "Janzelj, Tim"]
[Black "Prato, Simon"]
[Result "1/2-1/2"]
[WhiteElo "2395"]
[BlackElo "2073"]
[PlyCount "50"]
[EventDate "2018.12.29"]
[EventType "swiss"]
[EventRounds "9"]
[EventCountry "AUT"]
[SourceTitle "CBM 188 Extra"]
[Source "ChessBase"]
[SourceDate "2019.02.26"]
[SourceVersion "1"]
[SourceVersionDate "2019.02.26"]
[SourceQuality "1"]

1. d4 Nf6 2. c4 g6 3. Nc3 Bg7 4. e4 d6 5. f4 0-0 6. Nf3 c5 7. d5 e6 8. dxe6 fxe6 9. Bd3 Nc6 10. 0-0 d5 11. e5 Ne8 12. Ng5 Ne7 13. Kh1 Nc7 14. Qg4 a6 15. Rd1 Qe8 16. a4 b6 17. Ne2 Nf5 18. Qh3 h6 19. Nf3 Bb7 20. cxd5 Nxd5 21. Re1 Nb4 22. Bb1 Rd8 23. Ra3 c4 24. Rf1 Rf7 25. g4 Ne7 1/2-1/2

[Event "Steyr Landesliga 1819"]
[Site "Austria"]
[Date "2018.11.17"]
[Round "5.6"]
[White "Steiner, Peter"]
[Black "Prato, Simon"]
[Result "0-1"]
[WhiteElo "1975"]
[BlackElo "2024"]
[PlyCount "52"]
[EventDate "2018.10.06"]
[EventType "team-tourn"]
[EventRounds "11"]
[EventCountry "AUT"]
[SourceTitle "CBM 189 Extra"]
[Source "ChessBase"]
[SourceDate "2019.06.03"]
[SourceVersion "1"]
[SourceVersionDate "2019.06.03"]
[SourceQuality "1"]
[WhiteTeam "Pinggau Friedberg"]
[BlackTeam "Graz Schachfreunde"]
[WhiteTeamCountry "AUT"]
[BlackTeamCountry "AUT"]

1. e4 c5 2. Nc3 Nc6 3. f4 e6 4. g3 d5 5. d3 Nf6 6. Bg2 Be7 7. e5 Nd7 8. Nf3 Rb8 9. 0-0 b5 10. Ne2 0-0 11. c3 a5 12. d4 b4 13. Kh1 Ba6 14. Re1 bxc3 15. bxc3 cxd4 16. Nexd4 Qc7 17. Be3 Rb2 18. f5 Nxd4 19. Nxd4 exf5 20. Nxf5 Qxe5 21. Qg4 h5 22. Qxh5 Bd3 23. Nxe7+ Qxe7 24. Qxd5 Ba6 25. Qxa5 Rxg2 26. Kxg2 Bb7+ 0-1

[Event "Steyr Landesliga 1718"]
[Site "Austria"]
[Date "2018.04.14"]
[Round "11.4"]
[White "Prato, Simon"]
[Black "Meglitsch, Konstantin"]
[Result "1-0"]
[WhiteElo "2035"]
[BlackElo "2068"]
[PlyCount "141"]
[EventDate "2017.09.30"]
[EventType "team-tourn"]
[EventRounds "11"]
[EventCountry "AUT"]
[SourceTitle "EXT 2021"]
[Source "ChessBase"]
[SourceDate "2020.10.23"]
[SourceVersion "1"]
[SourceVersionDate "2020.10.23"]
[SourceQuality "1"]
[WhiteTeam "Graz Schachfreunde II"]
[BlackTeam "Leibnitz"]
[WhiteTeamCountry "AUT"]
[BlackTeamCountry "AUT"]

1. e4 e6 2. d3 d5 3. Nd2 c5 4. Ngf3 Nc6 5. g3 Nf6 6. Bg2 Be7 7. 0-0 0-0 8. e5 Nd7 9. Re1 b5 10. Nf1 Bb7 11. h4 Rc8 12. Bf4 Nb6 13. N1h2 Na4 14. Ng5 Nd4 15. Qh5 h6 16. Ng4 Nf5 17. Bh3 Rc6 18. Nf6+ Bxf6 19. exf6 Qxf6 20. Nf3 g6 21. Qg4 h5 22. Qg5 Qxg5 23. hxg5 Ng7 24. Ne5 Rcc8 25. Nd7 Rfd8 26. Nf6+ Kf8 27. Be5 Ne8 28. b3 Nb6 29. g4 hxg4 30. Nxg4 d4 31. Bg2 Bxg2 32. Kxg2 Nd7 33. Bf6 Ndxf6 34. gxf6 Rd5 35. Rh1 Nxf6 36. Nxf6 Rg5+ 37. Kf1 Ke7 38. Ne4 Re5 39. Rh7 Rc6 40. Kg2 c4 41. bxc4 bxc4 42. Rb1 Rc7 43. Rb8 cxd3 44. cxd3 Ra5 45. Rhh8 e5 46. Rbd8 f5 47. Rhe8+ Kf7 48. Ng5+ Kf6 49. Nf3 Re7 50. Rd6+ Kf7 51. Rxe7+ Kxe7 52. Rxg6 Kf7 53. Rc6 Rd5 54. Nd2 Ra5 55. Rc2 Ke6 56. Nc4 Rd5 57. Kf3 Rc5 58. a4 Kd5 59. Na3 Ra5 60. Rc4 Rc5 61. Rxc5+ Kxc5 62. Nc4 e4+ 63. Ke2 Kb4 64. Nd6 Kxa4 65. Nxf5 exd3+ 66. Kxd3 Kb5 67. Nxd4+ Kc5 68. f4 Kd5 69. f5 Ke5 70. Kc4 a6 71. Kb4 1-0

[Event "AUT-ch U16"]
[Site "St Veit"]
[Date "2018.03.27"]
[Round "5"]
[White "Schmidt, Florian1111"]
[Black "Prato, Simon"]
[Result "0-1"]
[WhiteElo "1720"]
[BlackElo "2051"]
[PlyCount "82"]
[EventDate "2018.03.25"]
[EventType "swiss"]
[EventRounds "7"]
[EventCountry "AUT"]
[SourceTitle "EXT 2019"]
[Source "ChessBase"]
[SourceDate "2018.10.10"]
[SourceVersion "1"]
[SourceVersionDate "2018.10.10"]
[SourceQuality "1"]

1. e4 c5 2. d4 cxd4 3. c3 dxc3 4. Nxc3 d6 5. Bc4 e6 6. Nf3 Nc6 7. 0-0 Nf6 8. Qe2 a6 9. Rd1 Qc7 10. Bf4 e5 11. Be3 Be7 12. Rac1 Qb8 13. Bb6 0-0 14. Nd5 Nxd5 15. exd5 Na7 16. Bd3 Bg4 17. Rc4 f5 18. Rdc1 Bd8 19. Bc7 Bxc7 20. Rxc7 Nc6 21. Rxb7 Qxb7 22. dxc6 Qb6 23. Bc4+ Kh8 24. Qd2 Bxf3 25. gxf3 Rf6 26. Rc3 Rg6+ 27. Kf1 Qxc6 28. Bd5 Qb5+ 29. Rc4 Rc8 30. a4 Qb8 31. Qb4 h6 32. b3 Kh7 33. Qxb8 Rxb8 34. Rc6 a5 35. Ra6 Rc8 36. Rxa5 Rc1+ 37. Ke2 Rgg1 38. f4 e4 39. Be6 Rc2+ 40. Ke3 Re1+ 41. Kd4 Rd1+ 0-1

[Event "AUT-ch U16"]
[Site "St Veit"]
[Date "2018.03.26"]
[Round "3"]
[White "Valtiner, Adamo"]
[Black "Prato, Simon"]
[Result "0-1"]
[WhiteElo "1711"]
[BlackElo "2051"]
[PlyCount "130"]
[EventDate "2018.03.25"]
[EventType "swiss"]
[EventRounds "7"]
[EventCountry "AUT"]
[SourceTitle "EXT 2019"]
[Source "ChessBase"]
[SourceDate "2018.10.10"]
[SourceVersion "1"]
[SourceVersionDate "2018.10.10"]
[SourceQuality "1"]

1. e4 c5 2. Nc3 Nc6 3. g3 g6 4. Bg2 Bg7 5. d3 d6 6. f4 e6 7. Nf3 Nge7 8. 0-0 0-0 9. Kh1 Rb8 10. Ne2 b5 11. c3 b4 12. Qc2 Ba6 13. Be3 Qa5 14. c4 Rfd8 15. Nd2 Rbc8 16. Rad1 Qb6 17. b3 Bb7 18. Nf3 Nd4 19. Nexd4 cxd4 20. Bf2 d5 21. Rfe1 dxe4 22. dxe4 Nc6 23. Rd3 Rd7 24. Nd2 Nb8 25. e5 Bxg2+ 26. Kxg2 f5 27. Nf3 Nc6 28. Red1 Rcd8 29. Qb2 Bf8 30. Ng5 Be7 31. Nxe6 Nxe5 32. Nxd8 Nxd3 33. Rxd3 Bf6 34. Qe2 Rxd8 35. Rd1 Kf7 36. Qf3 Qc7 37. h3 Qd7 38. Qd3 h6 39. Re1 Qc6+ 40. Qf3 Qd7 41. Qd3 a5 42. Re2 Qc6+ 43. Qf3 Qd7 44. Qd3 a4 45. Rc2 axb3 46. axb3 Ra8 47. Qf3 Ra3 48. Rd2 Ra5 49. Rd1 Ra2 50. Kg1 Rb2 51. Rd3 Qa7 52. Qd5+ Kg7 53. c5 Qa1+ 54. Kg2 Qe1 55. Qd7+ Kg8 56. Qc8+ Kh7 57. Qd7+ Bg7 58. Rf3 Qc1 59. Qb5 Rb1 60. g4 Qh1+ 61. Kg3 Rg1+ 62. Bxg1 Qxg1+ 63. Kh4 Bf6+ 64. g5 hxg5+ 65. fxg5 Qxg5# 0-1

[Event "Steyr Landesliga 1718"]
[Site "Austria"]
[Date "2018.01.20"]
[Round "7.6"]
[White "Prato, Simon"]
[Black "Almer, Gerald"]
[Result "1/2-1/2"]
[WhiteElo "2035"]
[BlackElo "2124"]
[PlyCount "76"]
[EventDate "2017.09.30"]
[EventType "team-tourn"]
[EventRounds "11"]
[EventCountry "AUT"]
[SourceTitle "EXT 2019"]
[Source "ChessBase"]
[SourceDate "2018.10.10"]
[SourceVersion "1"]
[SourceVersionDate "2018.10.10"]
[SourceQuality "1"]
[WhiteTeam "Graz Schachfreunde II"]
[BlackTeam "Feldbach Kirchberg"]
[WhiteTeamCountry "AUT"]
[BlackTeamCountry "AUT"]

1. e4 c5 2. Nf3 e6 3. d4 cxd4 4. Nxd4 Nc6 5. Nc3 Qc7 6. Be3 Nf6 7. Be2 Be7 8. 0-0 0-0 9. f4 d6 10. Qe1 Nxd4 11. Bxd4 e5 12. fxe5 dxe5 13. Qg3 Bc5 14. Bxc5 Qxc5+ 15. Kh1 Ne8 16. Rad1 Be6 17. Bg4 Nc7 18. Bxe6 fxe6 19. h3 Nb5 20. Rxf8+ Rxf8 21. Nxb5 Qxb5 22. b3 Rf1+ 23. Rxf1 Qxf1+ 24. Kh2 Qf4 25. Qxf4 exf4 26. g3 g5 27. h4 h6 28. gxf4 gxf4 29. e5 Kf7 30. h5 Ke7 31. Kg2 Kd7 32. c4 Kc6 33. b4 b5 34. c5 Kd5 35. Kf3 Kc6 36. Kxf4 Kd5 37. Kf3 a6 38. a3 Kc6 1/2-1/2

[Event "Steyr Landesliga 1718"]
[Site "Austria"]
[Date "2017.10.21"]
[Round "3.7"]
[White "Prato, Simon"]
[Black "Hellinger, Manfred"]
[Result "1/2-1/2"]
[WhiteElo "2035"]
[BlackElo "1871"]
[PlyCount "59"]
[EventDate "2017.09.30"]
[EventType "team-tourn"]
[EventRounds "11"]
[EventCountry "AUT"]
[SourceTitle "CBM 181 Extra"]
[Source "ChessBase"]
[SourceDate "2017.12.12"]
[SourceVersion "1"]
[SourceVersionDate "2017.12.12"]
[SourceQuality "1"]
[WhiteTeam "Graz Schachfreunde II"]
[BlackTeam "Spg ISR"]
[WhiteTeamCountry "AUT"]
[BlackTeamCountry "AUT"]

1. e4 e6 2. d3 d5 3. Nd2 Nf6 4. Ngf3 c5 5. g3 Nc6 6. Bg2 Be7 7. 0-0 0-0 8. e5 Nd7 9. Re1 Qc7 10. Qe2 Re8 11. Nf1 Nf8 12. h4 f6 13. exf6 Bxf6 14. Ne3 Ne5 15. Nxe5 Bxe5 16. Ng4 Bd6 17. Bxd5 exd5 18. Qxe8 Bxg4 19. Qxa8 Bxg3 20. Qe8 Bxf2+ 21. Kxf2 Qh2+ 22. Ke3 d4+ 23. Ke4 Qg2+ 24. Ke5 Bd7 25. Qd8 Qc6 26. Kf4 Qg2 27. Re7 Qf2+ 28. Ke5 Qf6+ 29. Kd5 Qc6+ 30. Ke5 1/2-1/2

[Event "Steyr Landesliga 1718"]
[Site "Austria"]
[Date "2017.10.07"]
[Round "2.4"]
[White "Prato, Simon"]
[Black "Singer, Richard"]
[Result "0-1"]
[WhiteElo "2035"]
[BlackElo "2242"]
[PlyCount "84"]
[EventDate "2017.09.30"]
[EventType "team-tourn"]
[EventRounds "11"]
[EventCountry "AUT"]
[SourceTitle "CBM 181 Extra"]
[Source "ChessBase"]
[SourceDate "2017.12.12"]
[SourceVersion "1"]
[SourceVersionDate "2017.12.12"]
[SourceQuality "1"]
[WhiteTeam "Graz Schachfreunde II"]
[BlackTeam "Gamlitz"]
[WhiteTeamCountry "AUT"]
[BlackTeamCountry "AUT"]

1. e4 c6 2. d3 d5 3. Nd2 e5 4. Ngf3 Nd7 5. g3 Ngf6 6. Bg2 Bd6 7. 0-0 0-0 8. Re1 Re8 9. b3 Bb4 10. Bb2 d4 11. a3 Ba5 12. b4 Bc7 13. c3 dxc3 14. Bxc3 Nf8 15. Nc4 Ng6 16. d4 Bg4 17. dxe5 Bxf3 18. Qxd8 Raxd8 19. exf6 Bxg2 20. Kxg2 b5 21. Nb2 Be5 22. Bxe5 Nxe5 23. Rad1 gxf6 24. f4 Nd7 25. a4 Nb8 26. Kf3 Na6 27. axb5 cxb5 28. Nd3 f5 29. e5 Rd4 30. Nc5 Rxd1 31. Rxd1 Nxb4 32. Rb1 Rc8 33. Nb7 Rb8 34. Nd6 Nc6 35. Nxf5 b4 36. Ke4 Kf8 37. Kd3 a5 38. Kc4 a4 39. Nd6 Na5+ 40. Kd3 a3 41. Ne4 a2 42. Ra1 Nb3 0-1

[Event "Steyr Landesliga 1718"]
[Site "Austria"]
[Date "2017.09.30"]
[Round "1.6"]
[White "Wittmann, Walter"]
[Black "Prato, Simon"]
[Result "0-1"]
[WhiteElo "2124"]
[BlackElo "2035"]
[PlyCount "66"]
[EventDate "2017.09.30"]
[EventType "team-tourn"]
[EventRounds "11"]
[EventCountry "AUT"]
[SourceTitle "CBM 181 Extra"]
[Source "ChessBase"]
[SourceDate "2017.12.12"]
[SourceVersion "1"]
[SourceVersionDate "2017.12.12"]
[SourceQuality "1"]
[WhiteTeam "Graz Styria"]
[BlackTeam "Graz Schachfreunde II"]
[WhiteTeamCountry "AUT"]
[BlackTeamCountry "AUT"]

1. e4 c5 2. Nf3 e6 3. d4 cxd4 4. Nxd4 a6 5. Nc3 Qc7 6. g3 b5 7. Bg2 Bb7 8. 0-0 Nf6 9. Qe2 d6 10. a3 Be7 11. Bd2 0-0 12. Rae1 Nbd7 13. Bc1 Rac8 14. Kh1 Rfd8 15. f4 Nc5 16. g4 d5 17. e5 Nfe4 18. Nxe4 Nxe4 19. c3 Bh4 20. Rd1 Qc4 21. Qf3 Rc7 22. f5 Bc8 23. Qh3 Nf2+ 24. Rxf2 Bxf2 25. f6 Bxd4 26. Rxd4 Qc5 27. Qh4 g6 28. g5 a5 29. Rd3 d4 30. Rh3 h5 31. Qf4 dxc3 32. Rxc3 Rd1+ 33. Bf1 Bb7+ 0-1

[Event "AUT-ch"]
[Site "Graz"]
[Date "2017.08.19"]
[Round "8"]
[White "Danner, Georg"]
[Black "Prato, Simon"]
[Result "1-0"]
[WhiteElo "2312"]
[BlackElo "2071"]
[PlyCount "67"]
[EventDate "2017.08.12"]
[EventType "swiss"]
[EventRounds "9"]
[EventCountry "AUT"]
[SourceTitle "CBM 180 Extra"]
[Source "ChessBase"]
[SourceDate "2017.10.06"]
[SourceVersion "1"]
[SourceVersionDate "2017.10.06"]
[SourceQuality "1"]

1. d4 Nf6 2. c4 g6 3. Nc3 Bg7 4. e4 d6 5. Be2 0-0 6. Be3 c5 7. d5 e6 8. Nf3 exd5 9. cxd5 Re8 10. Nd2 Na6 11. 0-0 Nc7 12. a4 b6 13. Re1 Ba6 14. Bg5 Qd7 15. Bxa6 Nxa6 16. Nc4 Nb4 17. Qd2 Ng4 18. Bf4 Ne5 19. Bxe5 Bxe5 20. a5 b5 21. Nxe5 Rxe5 22. f4 Re7 23. e5 a6 24. Ne4 Qf5 25. Nxd6 Qc2 26. Rad1 f6 27. Ne4 fxe5 28. d6 Re6 29. fxe5 Qxd2 30. Rxd2 Nc6 31. d7 Rd8 32. Nxc5 Rxe5 33. Rxe5 Nxe5 34. Rd5 1-0

[Event "AUT-ch"]
[Site "Graz"]
[Date "2017.08.15"]
[Round "4"]
[White "Holzleithner, Johannes"]
[Black "Prato, Simon"]
[Result "0-1"]
[WhiteElo "2009"]
[BlackElo "2071"]
[PlyCount "80"]
[EventDate "2017.08.12"]
[EventType "swiss"]
[EventRounds "9"]
[EventCountry "AUT"]
[SourceTitle "CBM 180 Extra"]
[Source "ChessBase"]
[SourceDate "2017.10.06"]
[SourceVersion "1"]
[SourceVersionDate "2017.10.06"]
[SourceQuality "1"]

1. e4 c5 2. Nf3 e6 3. d4 cxd4 4. Nxd4 a6 5. Nc3 Qc7 6. Be2 Bb4 7. Bd2 Nf6 8. Bf3 Nc6 9. Nxc6 bxc6 10. 0-0 0-0 11. Qe2 d6 12. Rad1 Rb8 13. a3 Bc5 14. Na4 Ba7 15. e5 dxe5 16. Bb4 c5 17. Bc3 Nd7 18. Be4 c4 19. Rxd7 Qxd7 20. Bxe5 Rb5 21. Rd1 Rxe5 22. Rxd7 Bxd7 23. Nc3 f5 24. Qd2 fxe4 25. Qxd7 e3 26. Qxa7 exf2+ 27. Qxf2 Rxf2 28. Kxf2 Kf7 29. Kf3 Re1 30. Ne4 Kg6 31. Nc5 Rc1 32. c3 Rb1 33. Nxa6 Rxb2 34. Nc5 Kf5 35. a4 Rc2 36. Ne4 Ke5 37. h4 Ra2 38. g4 Rxa4 39. g5 Ra1 40. Nd2 Kd5 0-1

[Event "AUT-ch U16"]
[Site "St Veit"]
[Date "2017.04.11"]
[Round "5"]
[White "Peyrer, Konstantin"]
[Black "Prato, Simon"]
[Result "1/2-1/2"]
[WhiteElo "1917"]
[BlackElo "2065"]
[PlyCount "114"]
[EventDate "2017.04.09"]
[EventType "swiss"]
[EventRounds "7"]
[EventCountry "AUT"]
[SourceTitle "CBM 178 Extra"]
[Source "ChessBase"]
[SourceDate "2017.06.22"]
[SourceVersion "1"]
[SourceVersionDate "2017.06.22"]
[SourceQuality "1"]

1. e4 c5 2. Nf3 e6 3. d4 cxd4 4. Nxd4 Nc6 5. Nc3 Qc7 6. Be3 a6 7. Qd2 Nf6 8. 0-0-0 Bb4 9. f3 Ne5 10. Nb3 b5 11. Qd4 Be7 12. Qb6 Qxb6 13. Bxb6 Bb7 14. Na5 Bc6 15. Bc7 Ng6 16. Nxc6 dxc6 17. g4 Bc5 18. Rd3 e5 19. Ne2 Ke7 20. g5 Nd7 21. Bh3 Ndf8 22. Rhd1 h6 23. Rd8 Rxd8 24. Bxd8+ Ke8 25. gxh6 Be3+ 26. Kb1 Rxh6 27. Bc8 Rxh2 28. Bb7 Ne6 29. Bxc6+ Kf8 30. Ng3 Rd2 31. Rxd2 Bxd2 32. Bb6 Nh4 33. c3 Ke7 34. Bb7 Kd6 35. Bxa6 Kc6 36. Bf2 Nxf3 37. Nf5 Bg5 38. Kc2 g6 39. Ng3 Nc5 40. Bc8 Bf4 41. b4 Nd7 42. Ne2 Bh6 43. Bg3 f5 44. exf5 gxf5 45. Bxd7+ Kxd7 46. c4 f4 47. Bf2 bxc4 48. Kc3 e4 49. Kxc4 e3 50. Bxe3 fxe3 51. a4 Kc6 52. a5 Ne5+ 53. Kd4 Nf7 54. Ke4 Nd6+ 55. Kd3 Nb5 56. Ng3 Kd7 57. Nf5 Bg5 1/2-1/2

[Event "AUT-ch U16"]
[Site "St Veit"]
[Date "2017.04.09"]
[Round "1"]
[White "Bauer, Sebastian1111"]
[Black "Prato, Simon"]
[Result "1/2-1/2"]
[WhiteElo "1824"]
[BlackElo "2065"]
[PlyCount "83"]
[EventDate "2017.04.09"]
[EventType "swiss"]
[EventRounds "7"]
[EventCountry "AUT"]
[SourceTitle "CBM 178 Extra"]
[Source "ChessBase"]
[SourceDate "2017.06.22"]
[SourceVersion "1"]
[SourceVersionDate "2017.06.22"]
[SourceQuality "1"]

1. e4 c5 2. Nf3 e6 3. c4 Nc6 4. Nc3 Nf6 5. Be2 d5 6. exd5 exd5 7. d4 Be6 8. cxd5 Nxd5 9. 0-0 Be7 10. Re1 0-0 11. Nxd5 Bxd5 12. dxc5 Bxc5 13. Bd3 h6 14. Bf4 Qf6 15. Bh7+ Kxh7 16. Qxd5 Bxf2+ 17. Kxf2 Qxf4 18. Re4 Qf6 19. Re2 Rad8 20. Qe4+ Kg8 21. Kg1 Rd7 22. Rae1 Re7 23. Qd3 Rxe2 24. Qxe2 Rd8 25. Qb5 b6 26. h3 Qd6 27. Kh1 Ne7 28. Qa4 a5 29. Qh4 Nf5 30. Qg4 Qf6 31. b3 h5 32. Qc4 Qd6 33. Ne5 Qf6 34. Nf3 Ne7 35. Qe4 Ng6 36. Kg1 Nf4 37. h4 Ne6 38. Qe3 Nc5 39. Ng5 g6 40. Rf1 Qd4 41. Qxd4 Rxd4 42. Rxf7 1/2-1/2